000 00920nam a2200253Ia 4500
003 OSt
005 20221005112128.0
006 a|||||r|||| 00| 0
007 ta
008 221004b |||||||| |||| 00| 0 pan d
020 _cIndian Rupees 175
024 _a33771
037 _bGift, 27/09/2017,
_cTextual
040 _aCRL
_cCRL
_bpan
041 _2pan
_apan
082 _aQ8441:21:g, 153K2;Q3.1
100 _aਨਾਭਾ, ਕਾਨ੍ਹ ਸਿੰਘ, ਂਚ.
245 0 _aਗੁਰਮਤ ਮਾਰਤੰਡ
260 _aਅੰਮ੍ਰਿਤਸਰ
_bF੍ਰੋਮਣੀ ਗੁਰਦੁਆਰਾ ਪ੍ਰਬੰਧਕ ਕਮੇਟੀ ਭਾਰਤ
_c2013
490 _vਭਾਗ 1
650 _aਸਿੱਖ ਧਰਮ
_9156314
942 _hQ8441:21:g, 153K2;Q3.1
_cTEXL
_2cc
999 _c1023904
_d1023904